000 00705nam a2200253Ia 4500
003 OSt
005 20220928112105.0
006 a|||||r|||| 00| 0
007 ta
008 220927b |||||||| |||| 00| 0 eng d
024 _a31757
037 _cTextual
040 _aSDCL
_cSDCL
_beng
041 _2eng
_aeng
082 _aW6, P8
100 _aLeopold David Ed.
_9426305
245 0 _aPolitical theory
_bMethods and approaches
260 _aOxford
_bOxford University Press
_c2008
300 _aix,224p
_ccm.
650 _aDemocracy
_9393045
700 _a Stears Marc Ed.
_9426306
942 _hW6, P8
_cTEXL
_2CC
999 _c743279
_d743279